| 000 | 00738nam a2200229 i 4500 | ||
|---|---|---|---|
| 001 | 5415 | ||
| 003 | ES-MaACL | ||
| 005 | 20230906144555.0 | ||
| 007 | t| | ||
| 008 | 880614s1983 sp |||| | spa d | ||
| 080 | _a616.89-008.454(04) | ||
| 245 | 0 | 4 |
_aLos estados depresivos _b: ciclo de enseñanza internacional / _cdirigido por Henri Loo. |
| 260 |
_a[Madrid : _bProductos Roche, _c1983] |
||
| 300 |
_a102 p. ; _c24 cm. |
||
| 490 | 1 | _aCuadernos de información para el médico general | |
| 650 | 1 | 4 |
_aDepresión mental. _911597 |
| 700 | 1 |
_aLôo, Henri. _9144751 |
|
| 710 | 2 |
_aProductos Roche. _96261 |
|
| 830 | 0 |
_aCuadernos de información para el médico general _9227688 |
|
| 852 |
_aES-MaACL _jL-12115 |
||
| 999 |
_c5415 _d5415 |
||